00965cam a2200265 a 450000100100000000500170001000800410002702000150006804000350008308200250011810000190014324500900016224600540025225000330030626000490033930000210038849000260040950400550043565000380049065000260052865000260055465000490058071000430062983000270067200001301620240521134623.0030331s2002 mx b i001 0 spa d a9682324025 aDO-SdBNPbspacUBPdNDDdBNPHU a333.716bL488s, 20021 aLeff, Enrique.10aSaber ambiental :bsustentabilidad, racionalidad, conplejidad, poder /cEnrique Leff.33aSustentabilidad, racionalidad, complejidad, poder a3a ed. corregida y aumentada aMéxico :bPNUMA :bSiglo Veintiuno,c2002. a414 p. ;c21 cm.1 aAmbiente y democracia aIncluye referencias bibliográficas (p. 401-414). 4aEcologíaxAspectos económicos 4aDesarrollo sostenible 0aPolítica ambiental  4aDesarrollo económicoxAspectos ambientales2 aNaciones Unidas para el Medio Ambiente 0aAmbiente y democracia.